El cuidado del sí : ensayos /

Bibliographic Details
Main Author: Montaigne, Michel de, 1533-1592
Other Authors: Mielgo Bregazzi, Daniel
Format: Electronic eBook
Language:Spanish
French
Published: Madrid : Biblioteca Nueva, 2011.
Series:Clásicos del pensamiento (Biblioteca Nueva (Firm)) ; 63.
Subjects:
Online Access:Digitalia Hispánica

MARC

LEADER 00000nam a2200000Ii 4500
001 DIGBIN01563
003 NyNyDIG
006 m o d
007 cr |||||||||||
008 121101s2011 sp o 000 0 spa d
020 |a 9788499403793  |q (eBook) 
020 |z 9788499401546 
020 |z 8499401546 
035 |a (OCoLC)888256548 
040 |a DGITA  |b eng  |e pn  |c DGITA 
041 1 |a spa  |h fre 
050 1 4 |a PQ1641 eBook 
100 1 |a Montaigne, Michel de,  |d 1533-1592. 
240 1 0 |a Essays.  |l Spanish.  |k Selections  
245 1 3 |a El cuidado del sí :  |b ensayos /  |c Michel de Montaigne ; introducción y edición de Daniel Mielgo Bregazzi. 
264 1 |a Madrid :  |b Biblioteca Nueva,  |c 2011. 
300 |a 1 online resource (291 pages) 
336 |a text  |b txt  |2 rdacontent 
337 |a computer  |b c  |2 rdamedia 
338 |a online resource  |b cr  |2 rdacarrier 
490 1 |a Clásicos del pensamiento ;  |v 63. 
500 |a "Ofrecemos aquí los cuatro últimos capítulos del Libro III de Los ensayos, publicados por la editorial Losada en Buenos Aires en 1951 (Gobierno de la voluntad, De los cojos, De la fisonomía y De la experiencia)". (p. 77)  
504 |a Includes bibliographical references (p. [79]-82) and chronology (p. [83]-123). 
650 1 0 |a Philosophy  |v Early works to 1800.  
655 0 |a Electronic books. 
700 1 |a Mielgo Bregazzi, Daniel. 
791 2 |a Digitalia (Firm),  |e distributor. 
830 0 |a Clásicos del pensamiento (Biblioteca Nueva (Firm)) ;  |v 63. 
793 0 |g Digitalia eBook Collection:  |a Biblioteca Nueva 
856 4 0 |3 Digitalia Hispánica  |u https://www.digitaliapublishing.com/a/14708/ 
910 |a Premium Collection: 2007-2012